Statistics for Colorado Avalanche Career Points Leaders

Click here to take the quiz!

General Stats

  • This quiz has been taken 20 times
  • The average score is 6 of 10

Answer Stats

Points Answer % Correct
1641Joe Sakic
100%
755Peter Forsberg
94%
805Milan Hejduk
67%
303Nathan MacKinnon
67%
428Matt Duchene
61%
341Gabriel Landeskog
61%
458Paul Stastny
50%
488Alex Tanguay
33%
414Valeri Kamensky
17%
464Dale Hunter
6%

Score Distribution

Percentile by Number Answered

Percent of People with Each Score

Your Score History

You have not taken this quiz